Supervision in the hospitality industry (7th edition) (Record no. 59109)

MARC details
000 -LEADER
fixed length control field 00698nam a2200169 a 4500
008 - FIXED-LENGTH DATA ELEMENTS--GENERAL INFORMATION
fixed length control field 210211s2012 ||||||||||||||||| || u
020 ## - INTERNATIONAL STANDARD BOOK NUMBER
International Standard Book Number 9781118071786
050 ## - LIBRARY OF CONGRESS CALL NUMBER
Classification number TX 911.3 .P4 Mil
100 ## - MAIN ENTRY--PERSONAL NAME
Personal name Miller, Jack E
245 10 - TITLE STATEMENT
Title Supervision in the hospitality industry (7th edition)
Statement of responsibility, etc. By John R. Walker; Jack E. Miller
250 ## - EDITION STATEMENT
Edition statement 7th edition
260 ## - PUBLICATION, DISTRIBUTION, ETC.
Place of publication, distribution, etc. New Jersey
Name of publisher, distributor, etc. John Wiley & Sons
Date of publication, distribution, etc. 2012
300 ## - PHYSICAL DESCRIPTION
Extent xvii, 506 pages : illustrations
650 ## - SUBJECT ADDED ENTRY--TOPICAL TERM
Topical term or geographic name entry element HOSPITALITY INDUSTRY--PERSONNEL MANAGEMENT
700 ## - ADDED ENTRY--PERSONAL NAME
Personal name Walker, John R
995 ## - RECOMMENDATION 995 [LOCAL, UNIMARC FRANCE]
-- 19.88
-- CBU-MAIN LIBRARY (Kitwe)
-- 1
-- AVAILABLE
-- Feb 16, 2021
-- Main Library Open Access Collection
Holdings
Withdrawn status Lost status Source of classification or shelving scheme Damaged status Not for loan Home library Current library Shelving location Date acquired Total Checkouts Full call number Barcode Date last seen Price effective from Koha item type
          CBU-MAIN LIBRARY, KITWE. CBU-MAIN LIBRARY, KITWE.   11/30/2022   TX 911.3 .P4 Mil 750750 11/30/2022 11/30/2022 MONOGRAPH